| 000 | 00722cam a2200217 a 4500 | ||
|---|---|---|---|
| 003 | OSt | ||
| 005 | 20260129111613.0 | ||
| 008 | 880721s1986 ug ag b 000 0 eng | ||
| 040 |
_aKABLIB _cKABLIB _beng _erda |
||
| 082 | 0 | 0 |
_a781.62 _223 _bMBA |
| 100 | 0 |
_aMbabi, Katana. _914855 |
|
| 245 | 1 | 4 |
_aThe Uganda likembe : _bits history, tuning systems, notational and compositional techniques / _cby Mbabi-Katana. |
| 260 |
_a[Kampala : _bMbabi-Katana, _cc1986 |
||
| 300 |
_av, 59 p. : _bill., music ; _c29 cm. |
||
| 336 |
_atext _btxt _2rdacontent |
||
| 337 |
_aunmediated _bn _2rdamedia |
||
| 338 |
_avolume _bnc _2rdacarrier |
||
| 504 | _aIncludes bibliographical references. | ||
| 650 | 0 |
_aMbira _zUganda. _914856 |
|
| 942 |
_2ddc _cBOOK |
||
| 999 |
_c5892 _d5892 |
||